| 000 | 01230nam a2200325 i 4500 | ||
|---|---|---|---|
| 001 | 91819 | ||
| 003 | ES-MaACL | ||
| 005 | 20230906180826.0 | ||
| 007 | t| | ||
| 008 | 050222s1999 mx ||||1| spa d | ||
| 020 | _a968-12-0946-X | ||
| 080 | _a929 Gaos, José | ||
| 080 | _a929 Reyes, Alfonso | ||
| 080 | _a821.134.2(72) Reyes, Alfonso 1.06 | ||
| 100 | 1 |
_aGaos, José. _953902 |
|
| 245 | 1 | 0 |
_aItinerarios filosóficos _b: correspondencia José Gaos / Alfonso Reyes, 1939-1959 y textos de José Gaos sobre Alfonso Reyes, 1942-1968 / _ccompilación y notas de Alberto Enríquez Perea ; presentación Andrés Lira. |
| 250 | _a1ª ed. | ||
| 260 |
_aMéxico, D. F. : _bEl Colegio de México, _c1999. |
||
| 300 |
_a271 p. ; _c21 cm. |
||
| 490 | 1 |
_aColección Testimonios ; _v4 |
|
| 600 | 1 | 4 |
_aGaos, José- _vCorrespondencia. _953903 |
| 600 | 1 | 4 |
_aReys, Alfonso- _vCorrespondencia. _996638 |
| 600 | 1 | 4 |
_aReyes, Alfonso, _d1889-1959- _xCrítica e interpretación _996557 |
| 700 | 1 |
_aEnríquez Perea, Alberto. _947291 |
|
| 700 | 1 |
_aLira, Andrés. _972522 |
|
| 710 | 2 |
_aColegio de México. _92911 |
|
| 830 | 0 |
_aColección Testimonios ; _v4 _9180017 |
|
| 852 |
_aES-MaACL _jL-28867 _bR.135322 |
||
| 999 |
_c91819 _d91819 |
||